<?xml version="1.0" encoding="UTF-8"?>
<record
    xmlns:xsi="http://www.w3.org/2001/XMLSchema-instance"
    xsi:schemaLocation="http://www.loc.gov/MARC21/slim http://www.loc.gov/standards/marcxml/schema/MARC21slim.xsd"
    xmlns="http://www.loc.gov/MARC21/slim">

  <leader>03291nam a2200541Ia 4500</leader>
  <controlfield tag="001">4893</controlfield>
  <controlfield tag="008">241029s9999    xx            000 0 und d</controlfield>
  <datafield tag="010" ind1=" " ind2=" ">
    <subfield code="a">4623</subfield>
  </datafield>
  <datafield tag="041" ind1=" " ind2=" ">
    <subfield code="a">Espa&#xF1;ol</subfield>
  </datafield>
  <datafield tag="082" ind1=" " ind2=" ">
    <subfield code="a">NO APLICA</subfield>
  </datafield>
  <datafield tag="245" ind1=" " ind2="0">
    <subfield code="a">Factores que inciden en el rendimiento acad&#xE9;mico de los alumnos del 5to. grado de la Escuela Granada del Distrito Educativo 06-06 Moca, provincia  Espaillat. Per&#xED;odo escolar 2015-2016.</subfield>
  </datafield>
  <datafield tag="260" ind1=" " ind2=" ">
    <subfield code="a">Santiago</subfield>
  </datafield>
  <datafield tag="300" ind1=" " ind2=" ">
    <subfield code="a">127</subfield>
  </datafield>
  <datafield tag="520" ind1=" " ind2=" ">
    <subfield code="a">5</subfield>
  </datafield>
  <datafield tag="630" ind1=" " ind2=" ">
    <subfield code="a">Redimiento acad&#xE9;mico</subfield>
  </datafield>
  <datafield tag="650" ind1=" " ind2=" ">
    <subfield code="a">Rendimiento</subfield>
  </datafield>
  <datafield tag="690" ind1=" " ind2=" ">
    <subfield code="a">Sintetizado</subfield>
  </datafield>
  <datafield tag="700" ind1=" " ind2=" ">
    <subfield code="e">asesor</subfield>
    <subfield code="a">Jimini&#xE1;n, Yanet Y.</subfield>
  </datafield>
  <datafield tag="700" ind1=" " ind2=" ">
    <subfield code="e">autor</subfield>
    <subfield code="a">Ovalles P&#xE9;rez, Lorenza Altagracia </subfield>
  </datafield>
  <datafield tag="700" ind1=" " ind2=" ">
    <subfield code="e">autor</subfield>
    <subfield code="a">Lara Santos, Lidia</subfield>
  </datafield>
  <datafield tag="700" ind1=" " ind2=" ">
    <subfield code="e">autor</subfield>
    <subfield code="a">Mart&#xED;nez Jos&#xE9;, Juana</subfield>
  </datafield>
  <datafield tag="901" ind1=" " ind2=" ">
    <subfield code="a">{"1":"Ovalles P&#xE9;rez","2":"Lara Santos","3":"Mart&#xED;nez Jos&#xE9;"}</subfield>
    <subfield code="b">{"1":"Lorenza Altagracia ","2":"Lidia","3":"Juana"}</subfield>
  </datafield>
  <datafield tag="902" ind1=" " ind2=" ">
    <subfield code="a">1</subfield>
  </datafield>
  <datafield tag="903" ind1=" " ind2=" ">
    <subfield code="a">{"1":"Jimini&#xE1;n"}</subfield>
    <subfield code="b">{"1":"Yanet Y."}</subfield>
  </datafield>
  <datafield tag="904" ind1=" " ind2=" ">
    <subfield code="a">Mag&#xED;ster en</subfield>
  </datafield>
  <datafield tag="905" ind1=" " ind2=" ">
    <subfield code="a">Ciencias de la Educaci&#xF3;n</subfield>
  </datafield>
  <datafield tag="906" ind1=" " ind2=" ">
    <subfield code="a">1</subfield>
  </datafield>
  <datafield tag="907" ind1=" " ind2=" ">
    <subfield code="a">Menci&#xF3;n en</subfield>
  </datafield>
  <datafield tag="908" ind1=" " ind2=" ">
    <subfield code="a">Gesti&#xF3;n de Centros Educativos</subfield>
  </datafield>
  <datafield tag="909" ind1=" " ind2=" ">
    <subfield code="a">Universidad Abierta para Adultos (UAPA), Recinto Santiago</subfield>
  </datafield>
  <datafield tag="910" ind1=" " ind2=" ">
    <subfield code="a">NULL</subfield>
    <subfield code="b">NULL</subfield>
  </datafield>
  <datafield tag="911" ind1=" " ind2=" ">
    <subfield code="a">["1"]</subfield>
  </datafield>
  <datafield tag="912" ind1=" " ind2=" ">
    <subfield code="a">NO APLICA</subfield>
  </datafield>
  <datafield tag="913" ind1=" " ind2=" ">
    <subfield code="a">NULL</subfield>
  </datafield>
  <datafield tag="914" ind1=" " ind2=" ">
    <subfield code="a">06 de Abril de 2016</subfield>
  </datafield>
  <datafield tag="915" ind1=" " ind2=" ">
    <subfield code="a">03/09/19 09:09</subfield>
  </datafield>
  <datafield tag="916" ind1=" " ind2=" ">
    <subfield code="a">NULL</subfield>
  </datafield>
  <datafield tag="917" ind1=" " ind2=" ">
    <subfield code="a">NULL</subfield>
  </datafield>
  <datafield tag="918" ind1=" " ind2=" ">
    <subfield code="a">NO APLICA</subfield>
  </datafield>
  <datafield tag="919" ind1=" " ind2=" ">
    <subfield code="a">["242"]</subfield>
  </datafield>
  <datafield tag="520" ind1=" " ind2=" ">
    <subfield code="a">El objetivo general de investigaci&#xF3;n trat&#xF3; de determinar los factores que inciden en el rendimiento acad&#xE9;mico de los alumnos (as) del 5to. grado de la Escuela Granada del Distrito Educativo 06 - 06 de Moca, provincia Espaillat.En esta investigaci&#xF3;n la t&#xE9;cnica que se implement&#xF3; fue la encuesta, porque se tomaron datos directos proporcionados por los diferentes sectores involucrados en el proceso educativo de este centro, como son los docentes, los padres, el equipo de gesti&#xF3;n y alumnos del 5to grado.&#xA0;Como conclusi&#xF3;n, el 40% de los padres de los alumnos de este centro educativo afirm&#xF3; que a veces la desigualdad social del entorno donde se desenvuelven sus hijos influye en el rendimiento acad&#xE9;mico, el 20% dijo que siempre, el 20% dijo casi siempre y el otro 20% dijo que nunca.El 60% de los miembros del equipo de gesti&#xF3;n de esta escuela afirm&#xF3; que la indisciplina de los compa&#xF1;eros es un factor interno que incide en el rendimiento acad&#xE9;mico de los alumnos, el 40% de los mismos dijo que es la falta de amor de los padres y como factores externos el 60% de los miembros del equipo de gesti&#xF3;n se&#xF1;al&#xF3; el seguimiento de los padres, el 20% las condiciones de los estudiantes y otro 20% dijo que son las condiciones familiares.&#xA0;El 100% de los docentes encuestados afirm&#xF3; que el equipo de gesti&#xF3;n siempre acompa&#xF1;a a los docentes para garantizar el rendimiento acad&#xE9;mico de los estudiantes. &#xA0;Se sugiri&#xF3; al equipo de gesti&#xF3;n involucrar en mayor medida a los padres en las tareas de sus hijos, pues con el estudio se puso en evidencia la falta de seguimiento de estos a las labores educativa de los hijos lo que inciden en gran medida en el rendimiento acad&#xE9;mico de los alumnos.&#xA0;</subfield>
  </datafield>
  <datafield tag="921" ind1=" " ind2=" ">
    <subfield code="a">11</subfield>
  </datafield>
  <datafield tag="922" ind1=" " ind2=" ">
    <subfield code="a">11</subfield>
  </datafield>
  <datafield tag="923" ind1=" " ind2=" ">
    <subfield code="a">0</subfield>
  </datafield>
  <datafield tag="924" ind1=" " ind2=" ">
    <subfield code="a">20190903133305</subfield>
  </datafield>
  <datafield tag="942" ind1=" " ind2=" ">
    <subfield code="c">Tesis</subfield>
  </datafield>
  <datafield tag="999" ind1=" " ind2=" ">
    <subfield code="c">4623</subfield>
    <subfield code="d">4623</subfield>
  </datafield>
</record>
